Great artists : (Record no. 608345)
[ view plain ]
| 000 -LEADER | |
|---|---|
| fixed length control field | 01537cam a22003494a 4500 |
| 001 - CONTROL NUMBER | |
| control field | 12682868 |
| 003 - CONTROL NUMBER IDENTIFIER | |
| control field | OSt |
| 005 - DATE AND TIME OF LATEST TRANSACTION | |
| control field | 20240227131227.0 |
| 008 - FIXED-LENGTH DATA ELEMENTS--GENERAL INFORMATION | |
| fixed length control field | 010409s2001 enka 000 0ceng |
| 010 ## - LIBRARY OF CONGRESS CONTROL NUMBER | |
| LC control number | 2002318924 |
| 020 ## - INTERNATIONAL STANDARD BOOK NUMBER | |
| International Standard Book Number | 0571209084 |
| 020 ## - INTERNATIONAL STANDARD BOOK NUMBER | |
| International Standard Book Number | 9780571209088 |
| 035 ## - SYSTEM CONTROL NUMBER | |
| System control number | (UkLWHE)b000108841 |
| 040 ## - CATALOGING SOURCE | |
| Original cataloging agency | DLC |
| Transcribing agency | DLC |
| Modifying agency | DLC |
| 042 ## - AUTHENTICATION CODE | |
| Authentication code | pcc |
| 050 00 - LIBRARY OF CONGRESS CALL NUMBER | |
| Classification number | ND160 |
| Item number | .M37 2001 |
| 082 00 - DEWEY DECIMAL CLASSIFICATION NUMBER | |
| Classification number | 759 |
| -- | B |
| Edition number | 21 |
| Author Mark | MAR 2001 |
| 100 1# - MAIN ENTRY--PERSONAL NAME | |
| Personal name | Marlow, Tim. |
| 9 (RLIN) | 121495 |
| 245 10 - TITLE STATEMENT | |
| Title | Great artists : |
| Remainder of title | from Giotto to Turner / |
| Statement of responsibility, etc. | Tim Marlow with Phil Grabsky and Philip Rance. |
| 260 ## - PUBLICATION, DISTRIBUTION, ETC. | |
| Place of publication, distribution, etc. | London : |
| Name of publisher, distributor, etc. | Faber and Faber, |
| Date of publication, distribution, etc. | 2001. |
| 300 ## - PHYSICAL DESCRIPTION | |
| Extent | 319 p. : |
| Other physical details | col. ill. ; |
| Dimensions | 25 cm. |
| 505 8# - FORMATTED CONTENTS NOTE | |
| Formatted contents note | Machine generated contents note: 1. Giotto 1267-1337 -- 2. Leonardo da Vinci 1452-1519 -- 3. Duirer 1471-1528 -- 4. Michelangelo 1475-1564 -- 5. Raphael 1483-1520 -- 6. Titian c.1487-1576 -- 7. Bruegel c.1524/30-69 -- 8. El Greco 1541-1614 -- 9. Rubens 1577-1640 -- 10. Velazquez 1599-1660 -- 11. Rembrandt 1606-69 -- 12. Vermeer 1632-75 -- 13. Turner 1775-1851. |
| 650 #0 - SUBJECT ADDED ENTRY--TOPICAL TERM | |
| Topical term or geographic name entry element | Painters |
| Form subdivision | Biography. |
| 9 (RLIN) | 121496 |
| 650 #0 - SUBJECT ADDED ENTRY--TOPICAL TERM | |
| Topical term or geographic name entry element | Painting, Modern. |
| 9 (RLIN) | 121405 |
| 700 1# - ADDED ENTRY--PERSONAL NAME | |
| Personal name | Grabsky, Phil. |
| 9 (RLIN) | 121497 |
| 700 1# - ADDED ENTRY--PERSONAL NAME | |
| Personal name | Rance, Philip. |
| 9 (RLIN) | 121498 |
| 856 41 - ELECTRONIC LOCATION AND ACCESS | |
| Materials specified | Table of contents |
| Uniform Resource Identifier | <a href="http://www.loc.gov/catdir/toc/fy02/2002318924.html">http://www.loc.gov/catdir/toc/fy02/2002318924.html</a> |
| 906 ## - LOCAL DATA ELEMENT F, LDF (RLIN) | |
| a | 7 |
| b | cbc |
| c | origres |
| d | 2 |
| e | ncip |
| f | 20 |
| g | y-gencatlg |
| 942 ## - ADDED ENTRY ELEMENTS (KOHA) | |
| Source of classification or shelving scheme | |
| Koha item type | Book |
| Institution code [OBSOLETE] | SADA |
| Call number prefix | 759 MAR 2001 |
| Withdrawn status | Lost status | Source of classification or shelving scheme | Damaged status | Not for loan | Permanent Location | Current Location | Date acquired | Source of acquisition | Total Checkouts | Full call number | Barcode | Date last seen | Price effective from | Koha item type |
|---|---|---|---|---|---|---|---|---|---|---|---|---|---|---|
| School of Art Design and Architecture (SADA) | School of Art Design and Architecture (SADA) | 05/09/2019 | Donation | 759 B MAR 2001 | SADAD0000422 | 02/27/2024 | 02/27/2024 | Book |
